000
00254nam a22001217a 4500
003
SGT
082
_a
616.0757
_b
S07M
100
_a
MANTKE, RENE
245
_a
SURGICAL ULTRASOUND
260
_a
NEW YORK
_b
THIEME
_c
2007
300
_a
429
942
_2
ddc
_c
BK
999
_c
14575
_d
14575